000 00450nam a22001697a 4500
003 NUST - PNEC
005 20170116180950.0
008 150908b xxu||||| |||| 00| 0 eng d
020 _a9971514176
040 _cLIBRARY
082 _a621.395 UYE
100 _99102
_aUyemura, John P.
245 _aIntroduction to VLSI circuits and systems
_cJohn P. Uyemura
260 _cc.2004
650 _99105
_aDigital electronics
_xEE,EL
942 _2ddc
_cBK
999 _c66394
_d66394